Responses for show #4462 - Tuesday, January 20, 2004

Contestants

Matt Lohr, a bookseller from Orange, California

Kate Charron, a courier from Burlington, Vermont

Frank Amanat, an attorney from South Orange, New Jersey (whose 3-day cash winnings total $55,900)

Jeopardy! Round responses

PRESIDENT GEORGE W. BUSH
THE 2nd MRS.
IT'S A DATE!
LAKES & RIVERS
DON'T DO THE CRIME
STARTS & ENDS WITH "A"
    $200 2
2

Kate
    $200 12
Nicole Kidman

Frank
    $200 3
March 17

Frank
    $200 1
Loch Ness

Matt
    $200 21
arson

Matt
    $200 13
(Kate: I just had one... what is Alzheimer's?)

amnesia

FrankKate
    $400 20
Connecticut

Frank
    $400 16
Christie Brinkley

Matt
    $400 8
February 14 (Valentine's Day)

Kate
    $400 4
the Jordan

Matt
    $400 26
a bouncer

Frank
    $400 14
algebra

Frank
    $600 24
(Dick) Cheney

Kate
    $600 17
(Kate: Who is Patricia Arquette?)
(Alex: Patricia was the first.)

Lisa Marie Presley

KateMatt
    $600 9
April 15

Kate
    $500 5
(Matt: What is the Missouri River?)
(Alex: Think of Niagara Falls.)

the Niagara River

Matt
    $600 27
stowaway

Frank
    $600 15
aria

Kate
    $800 25
the Texas Rangers

Frank
    $800 18
Jada Pinkett

Kate
    $800 10
May 5 (Cinco de Mayo)

Kate
    $800 6
Lake Michigan

Frank
    $800 28
hit-and-run

Kate
    $800 22
ambrosia

Matt
    $1000 29
(Frank: Who is Hayes?)

Benjamin Harrison

Frank
Triple Stumper
    $1000 19
(Kate: Who is Pam Anderson?)
(Alex: Pam is the third.)

Heather Locklear

Kate
Triple Stumper
    $1000 11
December 25

Matt
    $1000 7
(Kate: What is the Rio Grande?)

the Columbia

KateMatt
    $1000 30
(Matt: What is loitering?)
(Frank: What is vagabond?)
(Kate: What is gypsying?)

vagrancy

FrankKateMatt
Triple Stumper
    $1000 23
alpaca

Kate

Scores at the first commercial break (after clue 15):

Frank Kate Matt
$1,800 $1,400 $2,100

Scores at the end of the Jeopardy! Round:

Frank Kate Matt
$2,000 $2,000 $3,100

Double Jeopardy! Round responses

ARCHITECTURE TERMS
POP LIT
THE ARABS
QUE SARAH, SARAH
SEEING THE FUTURE
QUESTIONS IN THE FORM OF A PHRASE
    $400 13
the nave

Triple Stumper
    $400 12
Romeo & Juliet

Matt
    $400 1
Damascus

Frank
    $400 7
Thanksgiving

Matt
    $400 17
fortune cookies

Kate
    $400 6
saved by the bell

Kate
    $800 14
(Frank: What is the Greek style?)
(Matt: What is Romanesque?)

Neoclassical

FrankMatt
Triple Stumper
    $800 18
F. Scott Fitzgerald

Kate
    $800 2
the Arab League

Frank
    $800 8
Sarah Ferguson

Kate
    $800 22
cut the cards

Triple Stumper
    $800 26
rags to riches

Matt
    $1200 15
(Frank: What is a turret?)

parapet/battlement

FrankMatt
    $1200 19
Kenny Rogers & Dolly Parton

Kate
    $1200 3
Qatar

Matt
    $1200 9
Sarah Vaughan

Kate
    $1200 23
(Matt: What is love?)

heart

KateMatt
    $1200 28
low man on the totem pole

Kate
    $1600 16
Doric

Frank
    $1600 20
Born on the Fourth of July

Kate
    $1600 4
boats

Frank
    $1600 10
Sarah Caldwell

Triple Stumper
    $2,000 24
(Kate: Who is Puxsutawney Phil?)

Punxsutawney Phil

Kate
    $1600 29
trial and error

Matt
    $2000 27
beam

Kate
    $2000 21
L. Frank Baum

Matt
    $2000 5
Sharia

Triple Stumper
    $2000 11
Sarah Orne Jewett

Triple Stumper
    $2000 25
clairvoyant

Kate
    $4,000 30
the kindness of strangers

Matt

Scores at the end of the Double Jeopardy! Round:

Frank Kate Matt
$4,400 $12,800 $12,700

[wagering suggestions for these scores]

Final Jeopardy! Round responses

THE THIRD CENTURY
FrankWhat is president?
$0
MattWhat is king of England?
$8,000
KateWhat is emperor of Rome?
$0
an antipope

Final scores:

Frank Kate Matt
$4,400 $12,800 $4,700
3rd place: $1,000 New champion: $12,800 2nd place: $2,000

Game dynamics:

Coryat scores:

Frank Kate Matt
$4,400 $14,800 $11,200
13 R,
4 W
20 R,
6 W
(including 1 DD)
16 R
(including 1 DD),
4 W
(including 1 DD)

Combined Coryat: $30,400

The J! Archive is created by fans, for fans. The Jeopardy! game show and all elements thereof, including but not limited to copyright and trademark thereto, are the property of Jeopardy Productions, Inc. and are protected under law. This website is not affiliated with, sponsored by, or operated by Jeopardy Productions, Inc. Join the discussion at JBoard.tv.